Integración y desarrollo en Centroamérica
Analiza los principales aspectos del programa de integración económica centroamericana, desde el punto de vista económico, de organización y de los fundamentos jurídicos. Por otra parte examina las características del programa de integración y los problemas más relevantes que se han planteado, así c...
Salvato in:
| Autore principale: | |
|---|---|
| Natura: | Sconosciuto |
| Pubblicazione: |
Tegucigalpa:
BCIE
|
| Soggetti: | |
| Tags: |
Aggiungi Tag
Nessun Tag, puoi essere il primo ad aggiungerne!!
|
MARC
| LEADER | 00000 a2200000 04500 | ||
|---|---|---|---|
| 001 | 5983 | ||
| 003 | |||
| 008 | 991231s d | ||
| 040 | |||
| 090 | |a 124404 | ||
| 100 | |a Lizano Fait, Eduardo | ||
| 245 | |a Integración y desarrollo en Centroamérica | ||
| 260 | |a Tegucigalpa: |b BCIE | ||
| 300 | |a xx, 358 p | ||
| 520 | |a Analiza los principales aspectos del programa de integración económica centroamericana, desde el punto de vista económico, de organización y de los fundamentos jurídicos. Por otra parte examina las características del programa de integración y los problemas más relevantes que se han planteado, así como las respuestas que se han dado a ellos. Se plantea el proceso de integración como requisito indispensable, como condición necesaria, para el desarrollo económico, el cambio social y el progreso político de los cinco países centroamericanos. Sin embargo, dadas las fuerzas externas existentes y la estructura de poder prevaleciente en Centroamérica, parece imposible que la integración alcance sus objetivos. Se lanza una serie de preguntas, entre ellas: ¿Llegarán nuevos grupos al poder en las grandes potencias que modifiquen las relaciones de dependencia y acepten una mayor autonomía en los países bajo su esfera de influencia? o si por el contrario, ¿Renacerán los conflictos entre las potencias y el control sobre las provincias del imperio se hará aún más férreo?. ¿Cometerán nuevos errores los grupos de poder en América Central que impidan los cambios necesarios en las estructuras políticas y económicas?. De las respuestas a estas y otras interrogantes dependerá el futuro de la región. OB/LOB | ||
| 650 | |a INTEGRACION ECONOMICA | ||
| 650 | |a PAISES EN DESARROLLO | ||
| 650 | |a CONDICIONES DE VIDA | ||
| 650 | |a PARTICIPACION SOCIAL | ||
| 650 | |a INTEGRACION REGIONAL | ||
| 650 | |a ASPECTOS ECONOMICOS | ||
| 650 | |a BARRERAS ARANCELARIAS | ||
| 650 | |a ODECA | ||
| 650 | |a BCIE | ||
| 650 | |a ESTABILIZACION ECONOMICA | ||
| 650 | |a INTEGRACION ECONOMICA | ||
| 999 | |c 1953 |d 1953 | ||
